000 00432 a2200157 4500
999 _c67
_d67
020 _a9781844650255
050 _aB835 BRO 2007
100 _aBrock, Stauart
_eauthor
245 _aRealism and anti-realism /
_cStaurt Brock and Edwin Mares
264 _aStockfield :
_bAcumen Publishing,
_c2007
300 _a250p. :
500 _aIncludes index
650 _aPhilosophy
700 _aMares, Edwin
_eauthor
942 _2lcc
_cBK
_h835
_iBRO
_kB